000 00409nam a2200157Ia 4500
003 Ost
005 20260225132537.0
008 260225s9999||||xx |||||||||||||| ||und||
040 _cfsic
041 _afre
082 _a355
100 _aLa documentation française
_eAuteur
245 0 _aGéostratégie et défense,sous dire :
245 0 _bjean yves copul /
_cLa documentation française
942 _cكتاب
999 _c33304
_d33304